| 000 | 00705nam a2200205Ia 4500 | ||
|---|---|---|---|
| 003 | GCL | ||
| 008 | 140319s9999 xx 000 0 eng d | ||
| 020 | _a0684811235 | ||
| 040 |
_aGCL / _cGCL |
||
| 082 | 0 | 4 |
_a320.973 _bD W |
| 100 | 1 | _aDARMAN, RICHARD | |
| 245 | 1 | 0 |
_aWHO'S IN CONTROL ? : _bPOLAR POLITICS AND THE SENSIBLE CENTER / _cDARMAN, RICHARD |
| 260 |
_a[S.N] : _bSIMON AND SCHUSTER MACMILLAN ، _c1996 |
||
| 300 |
_a22 CM ؛ _c384 P |
||
| 650 | 0 | 4 | _aRIGHT AND LEFT - POLITICAL SCIENCE |
| 650 | 0 | 4 | _aUNITED STATES - POLITICS AND GOVERNMENT - 1993 |
| 650 | 0 | 4 | _aUNITED STATES - POLITICS AND GOVERNMENT - 1989 |
| 650 | 0 | 4 | _aUNITED STATES - POLITICS AND GOVERNMENT - 1989 - 1993 |
| 942 |
_2ddc _cBK |
||
| 999 |
_c4838 _d4838 |
||